LIBRARY & INFORMATION CENTRE, KCAET, TAVANUR

ONLINE PUBLIC ACCESS CATALOGUE (OPAC)

Development of a power - operated coconut husking machine (Record no. 14979)

MARC details
000 -LEADER
fixed length control field 00668nam a22001817a 4500
003 - CONTROL NUMBER IDENTIFIER
control field OSt
088 ## - REPORT NUMBER
Report number P 207
100 ## - MAIN ENTRY--AUTHOR NAME
Personal name ANU S. CHANDRAN
-- ANEESH MOHAN
-- SHABEENA P.K
245 ## - TITLE STATEMENT
Title Development of a power - operated coconut husking machine
260 ## - PUBLICATION, DISTRIBUTION, ETC. (IMPRINT)
Place of publication Tavanur 2009
Name of publisher Kelappaji College of Agricultural Engineering and Technology
300 ## - PHYSICAL DESCRIPTION
Number of Pages 33
500 ## - GENERAL NOTE
General note Development of a power - operated coconut husking machine
520 ## - SUMMARY, ETC.
Summary, etc Development of a power - operated coconut husking machine
700 ## - ADDED ENTRY--PERSONAL NAME
Personal name Er. Jippu Jacob (Guide)
856 ## - ELECTRONIC LOCATION AND ACCESS
Uniform Resource Identifier https://drive.google.com/open?id=1ywzM13wwBDRxEN1cXMPKJOARf6mjTS-o
942 ## - ADDED ENTRY ELEMENTS (KOHA)
Koha item type Project Report
Holdings
Collection code Home library Current library Shelving location Full call number Accession Number Koha item type
Reference KAUAET KAUAET Reference 631.3 ANU/DE P 207 Project Report
free website counter